| 000 | 00662nam a22002057a 4500 | ||
|---|---|---|---|
| 999 |
_c15198 _d15198 |
||
| 003 | AR-CdUCM | ||
| 008 | 190402b ||||| |||| 00| 0 spa d | ||
| 040 |
_aMUNICIPALIDAD PROVINCIAL DEL CUSCO _cBIBLIOTECA MUNICIPAL DEL CUSCO |
||
| 082 |
_aEP / 372.461 / _bC84 _22ed. |
||
| 100 |
_aCosta Alva, Yanira _927897 |
||
| 245 |
_aAmiguito 2 : _bAprestamiento 4 aƱos / |
||
| 260 |
_aLima : _bAdyrsa, |
||
| 300 |
_a253 paginas ; _bilustraciones, graficos, dibujos, cuadros, _c28 cm. |
||
| 500 | _aAprestamiento. | ||
| 650 |
_aAprestamiento _927898 |
||
| 650 |
_aEducadores _91065 |
||
| 650 |
_aGuia de ayuda _927899 |
||
| 942 |
_2ddc _cLIBROS |
||
| 945 |
_arum _d2019-04-26 |
||